| 000 | 00641nam a2200193 i 4500 | ||
|---|---|---|---|
| 001 | 28051 | ||
| 003 | ES-MaACL | ||
| 005 | 20250804044641.0 | ||
| 007 | t| | ||
| 008 | 030116s1861 xxk ||||1| eng d | ||
| 100 | 1 |
_aBanerjea, Krishna Mohan ( _d1813-1885) _925189 |
|
| 245 | 1 | 0 |
_aDialogues on the hindu philosophy comprising the Nyaya, The Sankhya, the Vedant... / _cby K.M. Banerjea. |
| 260 |
_aLondon : _bWilliams and Norgate, _c1861 ( _fBishop's College Press) |
||
| 300 |
_aXXIII, 538 p. ; _c23 cm. |
||
| 630 | 0 | 4 |
_aVedas. _9156072 |
| 650 | 0 | 7 |
_aFilosofĂa hindĂș _2embne _912853 |
| 852 |
_aES-MaACL _jG-11494 |
||
| 999 |
_c28051 _d28051 |
||